| 000 | 01342cad a22002295a 4500 | ||
|---|---|---|---|
| 001 | L142800 | ||
| 008 | 080221s2007 xxkad f s 000 0 eng d | ||
| 035 | _a(Sirsi) u142800 | ||
| 041 | 0 | _aeng | |
| 050 | 0 | 4 | _a333.33 $2 18 |
| 110 | 2 |
_aCB Richard Ellis _93675 |
|
| 245 | 0 | 0 |
_aCentral and Eastern European Property Investment Market View _byear end 2007 _h[electronic resource] |
| 260 |
_a[S.l.] _bCBRE _c2007 |
||
| 490 | 0 |
_aCB Richard Ellis Central and Eastern European Property Investment Market View _vyear end 2007 |
|
| 520 | _aReports that overall investment volume in Central and Eastern Europe was a record €14.2 billion in 2007; up another €1.5 billion on 2006. Reports that Poland remains the largest market, followed by the Czech Republic, with Russia catching up. Russia had the highest investment volume in 2007. Most money invested in real estate is going into offices and retail (82%). The office sector represented 38% of the total volume. There was a further yield compression in the investment market in 2007. | ||
| 590 | _aKA | ||
| 650 | 2 | 4 | _aCB RICHARD ELLIS CENTRAL AND EASTERN EUROPEAN PROPERTY INVESTMENT MARKET VIEW |
| 651 | 4 | _aEurope | |
| 690 | _aPROPERTY-COMMERCIAL PROPERTY-COMMERCIAL PROPERTY MARKET | ||
| 856 | 4 | 0 |
_uhttps://www.cbre.co.uk _zView the report free of charge at www.cbre.co.uk... |
| 942 | _n0 | ||
| 999 |
_c107978 _d107978 |
||